000 00663nam a2200217Ia 4500
005 20241129104256.0
008 241129s9999||||xx |||||||||||||| ||und||
020 _a9781496216915
037 _aTextual
040 _aRTL
_beng
_cRTL
041 _aeng
_2eng
084 _aY73xM58x R2
_qRTL
100 _aZumwalt Rosemary Levy
_9725566
245 0 _aFranz Boas: Shaping anthropology and fostering social justice
_cZumwalt Rosemary Levy
260 _aLincoln
_bUniversity of Nebraska Press
_c2022
300 _aliv,574p.
365 _aINR
_bRs.3813.12
650 _aSocial Justice
942 _cTB
_hY73xM58x R2
999 _c1225185
_d1225185